02891nam a22003977a 4500003000900000008004100009040007100050082002300121110003100144245007300175260003100248300002900279440007000308505161300378650001201991650001002003650001802013650002002031650001902051650003202070650001402102650001502116650002402131650002302155700002702178700003102205700003202236700003202268700002802300700002802328700002702356700002902383700002502412700003402437700002202471AR-CdUCM190425b ||||| |||| 00| 0 spa d aMUNICIPALIDAD PROVINCIAL DEL CUSCOcBIBLIOTECA MUNICIPAL DEL CUSCO aRev.AHC/N°17/2005 aArchivo Regional del Cusco aRevista del Archivo Regional del Cusco /cArchivo Regional del Cusco aCusco :bKopy Graf,c2005. a259 páginas. :c23 cm. aRevista del Archivo Histórico Regional del Cusco.nN°17, 2005. aContenido: El archivo Regional y el turismo intelectual. -- A la memoria del Dr. Horacio Antonio Villanueva Urteaga. Juan Fernando Vargas Béjar. -- Veintidos barrios en el Cusco Incaico. Víctor Ángles Vargas. .-- Los nietos del Inca Lloque Yupangui, la panaca haguainin y los Tisoc Sayre Tupa. Donato Amado Gonzales. -- El alférez real de indios nobles del Cusco, desconocimiento y continuidad institucional 1780-1824. Yeni Olazábal Navarro. Marleny Velásquez Gamboa. -- San Jerónimo entre ayllus reales y haciendas españolas. Calixto Coanqui Quispe. -- El Hospital de naturales del Cusco, su fundación y otras informaciones de sus orígenes y primeros tiempos. Jorge Olivera Olivera. -- Cacicazgo y poder en Huayllabamba. Eleazar Crucinta Ugarte. -- Los Antis y el extractivismo mercantil en Madre de Dios 1567-1910. Oscar Paredes Pando.-- Perezoso y bellaco, mitología es'ejja. Alain Monnier. -- Santiago Mata indios y Virgen María en el Suntur Wasi. Ana María Gálvez Barriera. -- Medio y ruta de los datos en la historia, formas legales como medio y ruta del registro de la historia. Hugo A, Altamirano Vega. -- La catedral del Cusco, desde sus fundaciones hasta su consagración 1534-1668. Armando Harvey Valencia, Katherine Harvey Recharte. -- El aporte valioso del Cusco a la independencia peruana en el periodo de diputado de don Juan Ángel Bujanda. Roberto Cáceres Olivera. La minería y el capital extranjero en el sur andino 1900-1920. Víctor R. Aguilar Callo, Luis F. Medina Suyo. -- Identidad y sucesión, la nobleza indígena cusqueña. Margareth Najarro. aTurismo aInkas aBarrios inkas aAlférez Real  aSan Jerónimo aHospital de Naturales Cusco aCacicazgo aMinería  aSantiago Apóstol  aCatedral del Cusco aAmado Gonzales, Donato aCáceres Olivera, Roberto aVillanueva Urteaga, Horacio aNajarro Espinoza, Margareth aAngles Vargas, Víctor aCoanqui Quispe, Calixto aOlivera Olivera, Jorge aCrucinta Ugarte, Eleazar aParedes Pando, Oscar aGálvez Barrera, Ana María aMedina Suyo, Luis